1750 1023 1445 1730 1796 1716 1412 1855 1441 1449 1085 1371 1923 1725 1789 1139 1506 1767 1330 1115 1313 1734 1746 1144 1890 1344 1944 1862 1900 1449 1714 1226 1753 1170 1489 1208 1117 1527 1530 1050 1266 1395 1109 1074 1842 1697 1113 1777 1917 1948 1233 1208 1097 1215 1406 1048 1660 1882 1699 1778 1479 1096 1398 1458 1820 1720 1561 1405 1663 1287 1885 1742 1778 1313 1579 1017 1566 1651 1988 1279 1513 1862 1928 1733 1886 1660 1354 1315 1024 1610 1720 1661 1743 1251 1420 1539 1529 1006 1667 BCNSPRNW ULIB Ver.6.0+V

เปลี่ยนเป็นภาษาไทย

Change to English
 แสดงรายละเอียดบรรณานุกรม
  กลับหน้าหลัก

Brief Record : Get Marc (ISO 2709) : E-mail record : QR code < ปิดหน้าต่าง
LEADER : 00000nam 2200000uu 4500
001    13399111591
003     ULIB
008    110703s||||||||th 000 0 tha d
020    9789744526670
050  4 BQ4570^bพ418ธ 2551
100 0  พระอาจารย์วิเชียร วชิรปัญโญ
245 10 ธรรมะออฟฟิศ /^cพระอาจารย์วิเชียร วชิรปัญโญ
260    กรุงเทพฯ :^bปราชญ์สำนักพิมพ์,^c2551
300    240 หน้า ;^c21 ซม.
650  7 ธรรมะกับชีวิตประจำวัน
945    ^p175^l0^i025108
995    ทศพร
999 ^a ใช้งานได้ทุกระบบ
รายการนี้ยังไม่มีแท็ก
คุณยังไม่ได้ล็อกอิน คุณสามารถมีกิจกรรมร่วมกับเว็บไซต์ได้ แต่ต้องล็อกอินก่อน ::
  ล็อกอิน

รายการสื่อสารสนเทศ

ลำดับที่ ประเภท เลขเรียก/บาร์โค้ด สถานที่ สถานะ
- ไม่พบข้อมูล -

รายการใกล้เคียง
    ผู้แต่ง [พระอาจารย์วิเชียร วชิรปัญโญ]

    หัวเรื่อง [ธรรมะกับชีวิตประจำวัน]

BibComment


ยังไม่เคยถูกคอมเมนท์

คอมเมนท์ทรัพยากรรายการนี้
  คอมเมนท์: ธรรมะออฟฟิศ พระอ..


 Copyright 2026. Bcnsprnw @Library